MARC

LEADER 00000nam0a2200000 4500
001 261874
005 20231101233613.0
035 |a (RuTPU)RU\TPU\book\284856 
090 |a 261874 
100 |a 20140528d1975 k y0rusy50 ca 
101 0 |a rus 
102 |a RU 
105 |a y z 001zy 
200 1 |a Теория магнитной релаксации. Релаксация в жидкостях и твердых неметаллических парамагнетиках  |f И. В. Александров 
210 |a Москва  |c Наука  |d 1975 
215 |a 399 с. 
320 |a Библиогр.: с. 397-399. 
606 1 |a Парамагнитная релаксация  |2 stltpush  |3 (RuTPU)RU\TPU\subj\48135  |9 67014 
610 1 |a релаксационные процессы 
610 1 |a корреляция 
610 1 |a случайные процессы 
610 1 |a методы 
610 1 |a спины 
610 1 |a решеточные корреляционные функции 
610 1 |a магнитная спектроскопия 
675 |a 538  |v 2 
675 |a 537.622.3  |v 3 
700 1 |a Александров  |b И. В.  |g Игорь Владимирович 
801 1 |a RU  |b 63413507  |c 20140528 
801 2 |a RU  |b 63413507  |c 20150615  |g RCR 
942 |c BK